Tutti gli Stati confinanti meno estesi - Statistics

Statistiche generali
  • Questo quiz è stato fatto 14 volte
  • Il punteggio medio è 63 su 139
Statistiche sulle risposte
Nazione Nazione confinante meno estesa % Corretto
Mongolia Cina
100%
Tunisia Libia
100%
Norvegia Finlandia
89%
Kuwait Iraq
78%
Svezia Norvegia
78%
Cambogia Laos
67%
Albania Montenegro
67%
Libia Tunisia
67%
Cile Bolivia
56%
Thailandia Cambogia
56%
Sudan Eritrea
56%
Estonia Lettonia
56%
Bulgaria Macedonia del Nord
56%
Grecia Macedonia del Nord
56%
Romania Moldavia
56%
Croazia Montenegro
56%
Bosnia ed Erzegovina Montenegro
56%
Bolivia Paraguay
56%
Uganda Ruanda
56%
Guyana Suriname
56%
Liechtenstein Svizzera
56%
Pakistan Afghanistan
44%
Macedonia del Nord Albania
44%
Montenegro Albania
44%
Uruguay Argentina
44%
Azerbaigian Armenia
44%
Georgia Armenia
44%
Turchia Armenia
44%
Birmania Bangladesh
44%
Paesi Bassi Belgio
44%
Messico Belize
44%
Togo Benin
44%
Bangladesh Birmania
44%
Paraguay Bolivia
44%
Malaysia Brunei
44%
Ruanda Burundi
44%
Laos Cambogia
44%
Vietnam Cambogia
44%
Italia Città del Vaticano
44%
Ecuador Colombia
44%
Corea del Nord Corea del Sud
44%
Panama Costa Rica
44%
Nicaragua Costa Rica
44%
Slovenia Croazia
44%
Perù Ecuador
44%
Honduras El Salvador
44%
Guatemala El Salvador
44%
Oman Emirati Arabi Uniti
44%
Gibuti Eritrea
44%
Russia Estonia
44%
Lettonia Estonia
44%
Mozambico eSwatini
44%
Sudafrica eSwatini
44%
Guinea Equatoriale Gabon
44%
Senegal Gambia
44%
Armenia Georgia
44%
Eritrea Gibuti
44%
Etiopia Gibuti
44%
Somalia Gibuti
44%
El Salvador Guatemala
44%
Belize Guatemala
44%
Guinea Guinea Bissau
44%
Suriname Guyana
44%
Venezuela Guyana
44%
Bhutan India
44%
Nepal India
44%
Palestina Israele
44%
Libano Israele
44%
Tagikistan Kirghizistan
44%
Iraq Kuwait
44%
Lituania Lettonia
44%
Siria Libano
44%
Sierra Leone Liberia
44%
Svizzera Liechtenstein
44%
Austria Liechtenstein
44%
Germania Lussemburgo
44%
Belgio Lussemburgo
44%
Stati Uniti Messico
44%
Francia Monaco
44%
Serbia Montenegro
44%
eSwatini Mozambico
44%
Finlandia Norvegia
44%
Emirati Arabi Uniti Oman
44%
Giordania Palestina
44%
Israele Palestina
44%
Costa Rica Panama
44%
Colombia Panama
44%
Arabia Saduita Qatar
44%
Slovacchia Repubblica Ceca
44%
Angola Repubblica del Congo
44%
Repubblica Centrafricana Repubblica del Congo
44%
Moldavia Romania
44%
Repubblica Democratica del Congo Ruanda
44%
Burundi Ruanda
44%
Mali Senegal
44%
Mauritania Senegal
44%
Guinea Bissau Senegal
44%
Liberia Sierra Leone
44%
Polonia Slovacchia
44%
Repubblica Ceca Slovacchia
44%
Andorra Spagna
44%
Brasile Suriname
44%
Afghanistan Tagikistan
44%
Indonesia Timor Est
44%
Benin Togo
44%
Algeria Tunisia
44%
Argentina Uruguay
44%
Turkmenistan Uzbekistan
44%
Spagna Andorra
33%
Iran Armenia
33%
Lussemburgo Belgio
33%
Niger Benin
33%
Nigeria Benin
33%
India Bhutan
33%
Cina Bhutan
33%
Zimbabwe Botswana
33%
Namibia Botswana
33%
Repubblica del Congo Gabon
33%
Gabon Guinea Equatoriale
33%
Camerun Guinea Equatoriale
33%
Kazakistan Kirghizistan
33%
Bielorussia Lettonia
33%
Costa d’Avorio Liberia
33%
Zambia Malawi
33%
Ucraina Moldavia
33%
Yemen Oman
33%
Egitto Palestina
33%
Ciad Repubblica Centrafricana
33%
Tanzania Ruanda
33%
Ungheria Slovenia
33%
Marocco Spagna
33%
Uzbekistan Tagikistan
33%
Kirghizistan Tagikistan
33%
Ghana Togo
33%
Burkina Faso Togo
33%
Kenya Uganda
33%
Sudan del Sud Uganda
33%
Malawi Zambia
33%
Botswana Zimbabwe
33%
Nessun quiz corrispondente trovato
Distribuzione punteggi
Percentuale di utenti per punteggio
Percentile per numero di risposta
I tuoi punteggi nel tempo
Non hai fatto questo quiz